Central Library OPAC University of Rajshahi

Physical geology : (Record no. 1600)

MARC details
000 -LEADER
fixed length control field 01197nam a2200301 a 4500
001 - CONTROL NUMBER
control field 1600
003 - CONTROL NUMBER IDENTIFIER
rucl marc code BD-RjUL
005 - DATE AND TIME OF LATEST TRANSACTION
control field 20211208233352.0
008 - FIXED-LENGTH DATA ELEMENTS--GENERAL INFORMATION
fixed length control field 150401s1994 iaua b 001 0 eng
020 ## - INTERNATIONAL STANDARD BOOK NUMBER
International Standard Book Number 0697246752
035 ## - SYSTEM CONTROL NUMBER
System control number (BD-RjUL)
040 ## - CATALOGING SOURCE
Original cataloging agency DLC
Transcribing agency DLC
Language of cataloging eng
041 ## - LANGUAGE CODE
Language code of text/sound track or separate title eng
082 00 - DEWEY DECIMAL CLASSIFICATION NUMBER
Classification number 550
Edition number 20
100 1# - MAIN ENTRY--PERSONAL NAME
Personal name McGeary, David.
9 (RLIN) 116491
245 10 - TITLE STATEMENT
Title Physical geology :
Remainder of title earth revealed /
Statement of responsibility, etc. David McGeary, Charles C. Plummer.
250 ## - EDITION STATEMENT
Edition statement 2nd ed.
260 ## - PUBLICATION, DISTRIBUTION, ETC. (IMPRINT)
Place of publication, distribution, etc. Dubuque, Iowa :
Name of publisher, distributor, etc. Wm. C. Brown Publishers,
Date of publication, distribution, etc. c1994.
300 ## - PHYSICAL DESCRIPTION
Pagination xiv, 540 p. :
Illustrations ill. (some col.) ;
Size 28 cm.
500 ## - GENERAL NOTE
General note "This book contains the same text and illustrations as the sixth edition of Physical geology by Plummer and McGeary. The chapter order has been changed to correspond to the order of topics in 'Earth revealed', a televised physical geology course produced by the Southern California Consortium"--Pref.
504 ## - BIBLIOGRAPHY, ETC. NOTE
Bibliography, etc Includes bibliographical references and index.
650 #0 - SUBJECT ADDED ENTRY--TOPICAL TERM
Topical term or geographic name as entry element Physical geology.
9 (RLIN) 116492
700 1# - ADDED ENTRY--PERSONAL NAME
Personal name Plummer, Charles C.,
Dates associated with a name 1937-
942 ## - ADDED ENTRY ELEMENTS (KOHA)
Source of classification or shelving scheme Dewey Decimal Classification
Koha item type Books
Holdings
Lost status Source of classification or shelving scheme Damaged status Not for loan Permanent Location Current Location Shelving location Date acquired Source of acquisition Cost, normal purchase price Total Checkouts Full call number Date last seen Copy number Koha item type
  Dewey Decimal Classification   Not For Loan Central Library, University of Rajshahi Central Library, University of Rajshahi Reading Room 20/05/2016 Paragon 67.45   550 MCP 1994 01/04/2015 C-1 Books